Fiškálna politika ako súčasť makroekonomickej stabilizačnej politiky SR

Salvato in:
Dettagli Bibliografici
Autore principale: Hontyová, Kajetána
Natura: Capitolo di libro
Lingua:slovacco
Tags: Aggiungi Tag
Nessun Tag, puoi essere il primo ad aggiungerne!!

MARC

LEADER 00000naa$a2200000$$$4500
001 0062174
005 20240502083149.4
041 0 |a slo 
044 |a PL 
245 1 0 |a Fiškálna politika ako súčasť makroekonomickej stabilizačnej politiky SR  |c Kajetana Hontyová 
100 1 |a Hontyová, Kajetána